| 000 | 00466nam a22001217a 4500 | ||
|---|---|---|---|
| 999 |
_c9916 _d9916 |
||
| 003 | OSt | ||
| 008 | 201203b ||||| |||| 00| 0 eng d | ||
| 245 | _aGlobal Journal of Research in Management | ||
| 250 | _a2014(Jun Vol.4 No.1, Dec Vol.4 No.2) 2015(Jun Vol.5 No.1, Dec Vol.5 No.2) 2016(Jun Vol.6 No.1) | ||
| 260 |
_bShrimad Rajchandra Institute of Management and Computer Application, UKA Tarsadia University _aSurat, Gujarat |
||
| 650 | _aManagement | ||
| 942 |
_2ddc _cBV |
||